Statistics for Historical Timeline of Ukraine

Click here to take the quiz!

General Stats

  • This quiz has been taken 61 times
  • The average score is 12 of 14

Answer Stats

YearHintAnswer% Correct
1991U______Ukraine
98%
1795R_____ EmpireRussian Empire
98%
1132Principality of K___Principality of Kiev
96%
1917S_____ RussiaSoviet Russia
96%
1569P_____-L_________ CommonwealthPolish-Lithuanian Commonwealth
92%
1918Second P_____ RepublicSecond Polish Republic
92%
1922 | 1944S_____ U____Soviet Union
92%
1397Grand Duchy of L________Grand Duchy of Lithuania
90%
1917U________ People's RepublicUkrainian People's Republic
88%
1238Golden H____Golden Horde
82%
1199Kingdom of Gal____-VolhyniaKingdom of Galicia-Volhynia
78%
1772Kingdom of Gal____ and LodomeriaKingdom of Galicia and Lodomeria
78%
1939G______Germany
72%

Score Distribution

Percentile by Number Answered

Percent of People with Each Score

Your Score History

You have not taken this quiz